000 00418nam a2200157Ia 4500
008 230312s9999||||xx |||||||||||||| ||und||
020 _a9788189411329
082 _a621.3
_bGOD-D
100 _aGodse, A. P
245 0 _aDigital Electronics
260 _bTechnical
_aPune
_c2008
300 _a736
546 _aEng.
650 _aEngineering
_vNumber system, Binary system, Logic gates and boolean algebra
942 _cBK
999 _c1452
_d1452